Chosen / Ted Dekker.
As the land of the Forest Dwellers is increasingly decimated by the Horde, Thomas Hunter, supreme commander of the Forest Guard, choses four sixteen-year-old recruits for a special mission--to find the seven lost Books of History that have power over the past, present, and future.
Record details
- ISBN: 9781595543592
- ISBN: 1595543597
- Physical Description: 260 pages ; 22 cm.
- Publisher: Nashville : Thomas Nelson, c2007.
Search for related items by subject
| Subject: | Hunter, Thomas (Fictitious character) > Fiction. Fantasy. Religious fiction. |
| Genre: | Fantasy fiction. Christian fiction. |
Search for related items by series
| LDR | 01418cam a2200349 a 4500 | ||
|---|---|---|---|
| 001 | 133173 | ||
| 003 | CONS | ||
| 005 | 20141216090032.0 | ||
| 008 | 070809s2007 tnu d 000 1 eng d | ||
| 010 | . | ‡a 2007032976 | |
| 020 | . | ‡a9781595543592 | |
| 020 | . | ‡a1595543597 | |
| 035 | . | ‡a(CPomAG)LMN505173 | |
| 042 | . | ‡alcac | |
| 050 | 0 | 0. | ‡aPS3554.E43 ‡bC47 2007 |
| 082 | 0 | 0. | ‡a813/.54 ‡222 |
| 082 | 1 | 4. | ‡a[Fic] ‡222 |
| 100 | 1 | . | ‡aDekker, Ted, ‡d1962- |
| 245 | 1 | 0. | ‡aChosen / ‡cTed Dekker. |
| 260 | . | ‡aNashville : ‡bThomas Nelson, ‡cc2007. | |
| 300 | . | ‡a260 pages ; ‡c22 cm. | |
| 490 | 0 | . | ‡aLost books ; ‡vbk. 1 |
| 520 | . | ‡aAs the land of the Forest Dwellers is increasingly decimated by the Horde, Thomas Hunter, supreme commander of the Forest Guard, choses four sixteen-year-old recruits for a special mission--to find the seven lost Books of History that have power over the past, present, and future. | |
| 650 | 0. | ‡aHunter, Thomas (Fictitious character) ‡vFiction. | |
| 650 | 1. | ‡aFantasy. | |
| 650 | 0. | ‡aReligious fiction. | |
| 655 | 7. | ‡aFantasy fiction. ‡2gsafd | |
| 655 | 7. | ‡aChristian fiction. ‡2gsafd | |
| 800 | 1 | . | ‡aDekker. Ted. ‡d1962- ‡tLost books ; ‡vbk. 1. |
| 856 | 4 | 2. | ‡3Publisher description ‡uhttp://www.loc.gov/catdir/enhancements/fy0743/2007032976-d.html ‡zPublisher description |
| 959 | . | ‡i32269000875164 ‡lF Dek ‡aAdult - Fiction ‡tFiction ‡g10.00 | |
| 852 | . | ‡p32269000875164 ‡jF Dek ‡gAdult - Fiction ‡cFiction ‡y10.00 ‡bSBPL | |
| 901 | . | ‡a133173 ‡bUnknown ‡c133173 ‡tbiblio | |